Muslims of the heartland: (Record no. 1309392)

MARC details
000 -LEADER
fixed length control field 02466cam a2200409 i 4500
001 - CONTROL NUMBER
control field 22080335
005 - DATE AND TIME OF LATEST TRANSACTION
control field 20250521152351.0
008 - FIXED-LENGTH DATA ELEMENTS--GENERAL INFORMATION
fixed length control field 210615s2022 nyua b 001 0deng
010 ## - LIBRARY OF CONGRESS CONTROL NUMBER
LC control number 2021014002
020 ## - INTERNATIONAL STANDARD BOOK NUMBER
International Standard Book Number 9781479812561
040 ## - CATALOGING SOURCE
Original cataloging agency CRL
Language of cataloging eng
Description conventions rda
Transcribing agency CRL
Modifying agency CRL
042 ## - AUTHENTICATION CODE
Authentication code pcc
043 ## - GEOGRAPHIC AREA CODE
Geographic area code n-usc--
050 00 - LIBRARY OF CONGRESS CALL NUMBER
Classification number F358.2.S98
Item number C87 2022
084 ## - COLON CLASSIFICATION NUMBER
Classification number U426.466-73 R2
Assigning agency CRL
100 1# - MAIN ENTRY--PERSONAL NAME
Personal name Curtis, Edward E.,
Titles and words associated with a name IV,
Dates associated with a name 1970-
Relator term author.
9 (RLIN) 753008
245 10 - TITLE STATEMENT
Title Muslims of the heartland:
Remainder of title how Syrian immigrants made a home in the American Midwest
246 30 - VARYING FORM OF TITLE
Title proper/short title How Syrian immigrants made a home in the American Midwest
260 ## - PUBLICATION, DISTRIBUTION, ETC.
Place of publication, distribution, etc. New York, USA:
Name of publisher, distributor, etc. New York University Press,
Date of publication, distribution, etc. 2022.
264 #1 - PRODUCTION, PUBLICATION, DISTRIBUTION, MANUFACTURE, AND COPYRIGHT NOTICE
Date of production, publication, distribution, manufacture, or copyright notice [2022]
300 ## - PHYSICAL DESCRIPTION
Extent x, 239p.
Other physical details illustrations ;
Dimensions 24 cm
336 ## - CONTENT TYPE
Content type term text
Content type code txt
Source rdacontent
337 ## - MEDIA TYPE
Media type term unmediated
Media type code n
Source rdamedia
338 ## - CARRIER TYPE
Carrier type term volume
Carrier type code nc
Source rdacarrier
365 ## - TRADE PRICE
Price amount 19.95
Currency code USD
504 ## - BIBLIOGRAPHY, ETC. NOTE
Bibliography, etc. note Includes bibliographical references and index.
505 0# - FORMATTED CONTENTS NOTE
Formatted contents note Muslim South Dakota from Kadoka to Sioux Falls -- Homesteading Western North Dakota -- Peddling in Cedar Rapids, Iowa, a Town of Ethnic Tradition -- Michigan City, Indiana, and Syrian Muslim Industrial Workers -- Muslim Life and the Agricultural Depression in North Dakota -- Cedar Rapids' Grocery Business and the Growth of a Muslim Midwestern Town -- From Sioux Falls and Michigan City to Detroit, Capital of the Muslim Midwest -- Conclusion: A Big Party in the 1950s.
520 ## - SUMMARY, ETC.
Summary, etc. "This book rejects the stereotype of the Midwest as bleached-out Christian country. It unearths a surprising and intimate history of the first two generations of Syrian Muslims in the Midwest who, in spite of discrimination, created a life that was Arab, American, and Muslim all at the same time"--
Assigning source Provided by publisher.
650 #0 - SUBJECT ADDED ENTRY--TOPICAL TERM
Topical term or geographic name entry element Syrian Americans
Geographic subdivision Middle West
General subdivision History
Chronological subdivision 20th century.
9 (RLIN) 753009
650 #0 - SUBJECT ADDED ENTRY--TOPICAL TERM
Topical term or geographic name entry element Muslims
Geographic subdivision Middle West
General subdivision History
Chronological subdivision 20th century.
9 (RLIN) 753010
650 #0 - SUBJECT ADDED ENTRY--TOPICAL TERM
Topical term or geographic name entry element Muslim families
Geographic subdivision Middle West
General subdivision Social conditions.
9 (RLIN) 753011
651 #0 - SUBJECT ADDED ENTRY--GEOGRAPHIC NAME
Geographic name Middle West
General subdivision Race relations
-- History
Chronological subdivision 20th century.
9 (RLIN) 753012
906 ## - LOCAL DATA ELEMENT F, LDF (RLIN)
a 7
b cbc
c orignew
d 1
e ecip
f 20
g y-gencatlg
942 ## - ADDED ENTRY ELEMENTS (KOHA)
Source of classification or shelving scheme Colon Classification (CC)
Koha item type Textbook
Classification part U426.466-73 R2
Suppress in OPAC No
Holdings
Withdrawn status Lost status Source of classification or shelving scheme Damaged status Not for loan Home library Current library Date acquired Source of acquisition Cost, normal purchase price Inventory number Total Checkouts Full call number Barcode Date last seen Price effective from Koha item type
    Colon Classification (CC)     Central Library Central Library 2025-04-25 Excel Book International 19.95 125 & 2024-12-02   U426.466-73 R2 CL1681755 2025-04-25 2025-04-25 Textbook
Copyright @ Delhi University Library System